000 00944nam0a22002411 4500
001 rc\4404508
005 20260409062733.0
021 _aRU
_bРг1382-62
035 _a(NLR Aleph) 008299873
090 _a8629214
_c8629214
100 _a20130416d1961 |||y0rusy50 ca
101 0 _arus
102 _aRU
105 _ay z |||||
200 1 _aДифференциальное реле давления типа ДРД-1
_eИнструкция по монтажу и эксплуатации
_fСовет нар. хозяйства Рязанского адм. экон. района. Завод тепловых приборов
210 _aРязань
_cБ. и.
_d1961
215 _a7 с., включ. обл.
_d20
712 0 2 _aРязанский завод тепловых приборов
_3RU\NLR\AUTH\8810211641
_9310409
801 0 _aRU
_bNLR
_gpsbo
801 1 _aRU
_bELAR
_2rusmarc
852 _aNLR
_j62-4/4336
942 _cBOOK
980 _aNB